| 000 | 01946nam a2200385 a 4500 | ||
|---|---|---|---|
| 001 | ASIN1741798051 | ||
| 005 | 20170105102926.0 | ||
| 008 | 131212s2011 xxu eng d | ||
| 020 |
_a1741798051 (paperback) _c$28.99 |
||
| 020 | _a9781741798050 (paperback) | ||
| 040 | _a0 | ||
| 050 | 0 | 4 | _aDS805.2 |
| 082 | 0 | 4 |
_a915.2045 _bJAP 2011 |
| 100 | 1 | _aRowthorn, Chris. | |
| 245 | 0 | 0 |
_aLonely planet japan / _cChris Rowthorn, Timothy Hornyak, Laura Crawford, Rebecca Milner, Tom Spurling, Andrew Bender, Brandon Presser, Matthew D. Firestone. |
| 250 | _a12th ed. | ||
| 260 |
_a[S.l.] : _bLonely Planet, _c2011. |
||
| 300 |
_a832 p. ; _c20 cm. |
||
| 490 | 1 | _aLonely planet travel guide. | |
| 520 | _a“Japan is a world apart – a cultural Galapagos where a unique civilization blossomed, and thrives today in delicious contrast of traditional and modern. The Japanese spirit is strong, warm and incredibly welcoming.” – Chris Rowthorn, Lonely Planet Writer Our Promise You can trust our travel information because Lonely Planet authors visit the places we write about, each and every edition. We never accept freebies for positive coverage, and you can rely on us to tell it like we see it. Inside This Book… 8 expert authors 167 temples & shrines 357 Japanese restaurants Over 100 onsen (hot springs) Inspirational photos Comprehensive planning tools Pull-out city map Easy-to-read layout In-depth background Skiing in Japan feature. | ||
| 650 | 0 | _aCooking, Japanese | |
| 650 | 0 | _aFood habits | |
| 650 | 0 | _aJapan | |
| 650 | 0 | _aTravel | |
| 700 | 1 | _aBender, Andrew. | |
| 700 | 1 | _aCrawford, Laura. | |
| 700 | 1 | _aFirestone, Matthew D. | |
| 700 | 1 | _aHornyak, Timothy. | |
| 700 | 1 | _aMilner, Rebecca. | |
| 700 | 1 | _aPresser, Brandon. | |
| 700 | 1 | _aSpurling, Tom. | |
| 830 | 0 | _aLonely planet travel guide. | |
| 856 | 4 | 0 |
_3Amazon.com _uhttp://www.amazon.com/exec/obidos/ASIN/1741798051/chopaconline-20 |
| 942 |
_2ddc _cBK |
||
| 999 |
_c15814 _d15814 |
||